|
|
|
|
| LEADER |
00765cam a2200241 7i4500 |
| 001 |
0000068547 |
| 005 |
20220523090000.0 |
| 020 |
|
|
|a 9780730369592
|
| 090 |
0 |
0 |
|a HQ2037
|b .H84 2019
|
| 100 |
1 |
|
|a Hill, Alison
|
| 245 |
1 |
0 |
|a Boss of busy :
|b combat burn out and get clear on what matters
|c Alison Hill.
|
| 264 |
|
|
|a Milton, Qld.:
|b Wiley,
|c 2019.
|
| 300 |
|
|
|a 264 pages.
|
| 336 |
|
|
|a text
|2 rdacontent
|
| 337 |
|
|
|a unmediated
|2 rdamedia
|
| 338 |
|
|
|a volume
|2 rdacarrier
|
| 490 |
0 |
|
|a Be your best
|
| 650 |
|
0 |
|a Self-actualization (Psychology)
|
| 650 |
|
0 |
|a Work-life balance
|
| 650 |
|
0 |
|a Self-management (Psychology)
|
| 997 |
|
|
|a Selangor Business School
|
| 998 |
|
|
|a Business Administration, Master
|
| 999 |
|
|
|a SBS0000818
|b BOK
|c OPEN SHELF
|e 1st Floor, Bestari Jaya
|